000 00216nam a2200097Ia 4500
008 240331s9999 xx 000 0 und d
082 _bAZA
100 _aAsad, A
245 0 _aGhazal :
_bpaadappadap paravasam
942 _cL
999 _c4721
_d4721